Score 0/126 Timer 20:00
20 Plays Today
% Correct
Rick
89.3%
Carl
83.8%
Negan
82.5%
Daryl
78.7%
Michonne
78.2%
Glenn
75.7%
Carol
73.6%
Maggie
72.7%
Lori
69.2%
Judith
69%
Governor
68.1%
Lucille
67.9%
Abraham
65.6%
Hershel
65.5%
Shane
64.9%
Eugene
64.6%
Ed
63%
Gabriel
62%
Merle
61.3%
Alden
59.6%
Beth
58.8%
Ezekiel
58.6%
Rosita
57.8%
Jim
54.5%
Andrea
54.3%
Sasha
54.3%
Sophia
53.1%
Dwight
52.7%
Amy
51.5%
Axel
50.6%
Jesus
50.3%
Simon
50.2%
Aaron
50%
Lizzie
49%
Bob
48.2%
Dale
46.9%
Tara
46.4%
Tyreese
46.2%
Enid
45.8%
Morgan
45.6%
Alpha
45.2%
Dog
44.9%
% Correct
Gregory
44.5%
T-Dog
44.4%
Beta
43.7%
Jerry
43%
Otis
42.6%
Henry
42.6%
Pete
41.4%
Jacqui
41.3%
Mika
41.2%
Luke
40.9%
Reg
40.9%
Eric
40.8%
Sam
40.4%
Benjamin
39%
Lydia
38.4%
Ron
36.7%
Siddiq
36.3%
Jessie
36.2%
Owen
34.7%
Deanna
34.2%
Denise
34.2%
Spencer
32.9%
Jimmy
32.6%
Karen
31.9%
Aiden
31.7%
Duane
31.4%
Dianne
31.3%
Olivia
31.3%
Ozzy
31%
Jadis
30.9%
Earl
30.8%
Joe
30.6%
Patricia
30.6%
Gary
30.1%
Jenny
29.6%
Noah
29.2%
Meghan
29%
Shiva
28.2%
Magna
27.7%
Kelly
27.7%
Lilly
27.6%
Sherry
27.3%
% Correct
Nicholas
26.2%
Yumiko
25.9%
Penny
25.6%
Connie
25.3%
Gareth
25.2%
Tammy
25%
Milton
24.1%
Richard
24%
Mary
23.9%
Dave
23.6%
Gavin
22.8%
Cyndie
22.1%
Gracie
22.1%
Dawn
21.5%
Brion
21%
Jed
20.9%
Heath
20.9%
Morales
20.7%
Laura
20%
Steven
20%
Scott
19.9%
Tina
19.6%
Jared
19%
Martinez
18.9%
Tobin
18.7%
Regina
18.5%
Frankie
17.7%
Rachel
16.5%
Jenner
15.6%
Randall
15.4%
Nabila
14.6%
Francine
14.4%
Justin
13.5%
Kal
13.3%
Beatrice
12.9%
Eastman
12.2%
Georgie
12%
Natania
11.4%
Paula
10.5%
Mitch
10.1%
Tanya
9.8%
Harlan
8.8%

You're not logged in!

Compare scores with friends on all Sporcle quizzes.
OR
Log In

Sporcle TV

Today on Sporcle TV


Watch our educational content, quiz creation guides, and fun videos on Sporcle TV.

Show Comments

Extras

Top Quizzes Today


Score Distribution

Paid Content

Your Account Isn't Verified!

In order to create a playlist on Sporcle, you need to verify the email address you used during registration. Go to your Sporcle Settings to finish the process.

Report this User

Report this user for behavior that violates our Community Guidelines.

Details: